[Event "1st Guwahati GM Open 2022"]
[Site "Guwahati"]
[Date "2022.03.19"]
[Round "9.9"]
[White "Nitin, S.."]
[Black "Kaustuv, Kundu"]
[Result "1-0"]
[WhiteElo "2427"]
[BlackElo "2308"]
[Annotator "TA"]
[PlyCount "199"]
[EventDate "2022.03.15"]
[EventCountry "IND"]
[SourceTitle "playchess.com"]
[Source "ChessBase"]
[SourceQuality "1"]

{[%evp 15,199,42,40,35,62,55,45,28,38,20,28,34,58,39,40,33,59,33,52,37,41,0,0,0,41,33,40,32,61,54,68,65,66,60,66,63,78,52,79,58,63,66,89,86,78,77,96,62,77,76,78,77,78,78,78,78,78,71,71,71,78,78,78,71,78,78,95,90,102,104,102,95,95,77,100,95,97,98,97,92,91,25,39,21,227,227,227,227,227,227,227,227,227,227,227,227,227,227,227,227,227,227,227,227,227,227,227,227,227,227,227,220,227,173,181,181,181,181,232,232,232,232,232,232,232,179,179,179,232,232,232,232,263,232,248,220,226,179,179,179,300,290,452,179,266,213,252,256,267,259,522,375,321,293,544,544,544,544,537,496,496,0,510,496,462,440,416,411,552,550,523,504,1511,481,332,0,1579,1513,1414,1313,1217,1143,996,933,932,852]} 1. e4 c5 2. Nf3 e6 3. d4 cxd4 4. Nxd4 Nf6 5. Nc3 Nc6 6. Ndb5 Bb4 7. a3 Bxc3+ 8. Nxc3 O-O 9. Qd6 {B45: Sicilian Four Knights.} Ne8 $1 10. Qg3 d5 11. exd5 {White is slightly better.} exd5 12. Bd3 Qe7+ 13. Ne2 {[#]} Ne5 $146 ({Predecessor:} 13... Nd4 14. Qe3 Qxe3 15. Bxe3 Nf5 16. Bxf5 Bxf5 17. Bc5 Bxc2 18. Bxf8 Kxf8 19. O-O Bd3 {1-0 (43) Andrzejewska,A (1933)-Stochnialek,D (1706) Sypniewo 2021}) 14. O-O Nxd3 15. Qxd3 Nf6 {[%cal Oc8f5]} 16. Bg5 h6 17. Bxf6 (17. Bh4 {is more complex.} Re8 18. Nc3 Be6 19. Nb5 Rad8 20. Nxa7 g5 21. Bg3) 17... Qxf6 18. Qc3 (18. Qxd5 Qxb2 19. Nd4 Bg4 $11) (18. c3 $14) 18... Qxc3 $11 19. Nxc3 Rd8 (19... Bf5 $11) 20. Nb5 Be6 21. Nd4 Rac8 22. Rfe1 Rd6 23. c3 g6 24. Re2 Kg7 25. Rae1 Kf6 26. Re3 a6 27. f3 Rb6 28. R1e2 Rd8 29. Kf2 h5 30. h4 Rc8 31. Ke1 Rg8 32. Re5 Rc8 33. Kf2 a5 34. Kg3 a4 35. Kf4 Rh8 36. g3 {[%cal Bg2g3,Bg3g4][%mdl 32]} Rh7 37. Rh2 Rh8 38. Re1 Bd7 39. Ree2 Ra6 40. Rhf2 Be6 41. g4 Ke7 42. Kg3 Kd6 43. Re3 Raa8 44. Rfe2 {[%cal Rd4e6]} Bd7 45. Re7 hxg4 46. Rxf7 {White is much more active.} (46. fxg4 Rh7 $14) 46... gxf3 47. Rf6+ ({Don't play} 47. Kxf3 $6 Raf8 48. Rxf8 Rxf8+ 49. Ke3 Rh8 $11) 47... Kc5 48. Nxf3 {Chess con chili.} ({Better is} 48. Re7 $16 Raf8 49. Rxf3 (49. Rxf8 Rxf8 50. Nxf3 Kd6 $14)) 48... Raf8 $1 49. Rxg6 Rxf3+ $2 {Black is on the road to losing.} 50. Kxf3 $18 Rxh4 $14 {[%mdl 4096] Endgame KRR-KRB} 51. Rd2 Bc6 52. Ke3 {Prevents d4+.} Rh3+ 53. Kf4 Rh4+ 54. Rg4 Rh1 55. Kg5 Re1 56. Rf4 Re3 57. Kf6 Re1 58. Rb4 Rf1+ 59. Ke5 Re1+ 60. Kf4 Rf1+ 61. Ke3 Rh1 62. Rf2 Rh3+ 63. Kd2 Bb5 64. c4 Bxc4 65. Rxa4 b5 66. Ra8 ({But not} 66. Rb4 d4 67. Kc2 Bd3+ 68. Kc1 Rh1+ 69. Kd2 Rh3 $16) 66... b4 (66... Rb3 $142) 67. Rc8+ $18 Kd4 68. axb4 Rb3 69. Kc2 Rxb4 70. Rf3 {To avoid Bd3+} Rb6 71. Rh8 Rg6 (71... Re6 $142 72. Rh2 Re5) 72. Rh4+ Kc5 73. b3 {[%cal Bb2b3,Bb3b4][%mdl 32]} Be2 74. Rc3+ Kd6 75. Re3 Rg2 76. Kc3 {Hoping for b4.} Kc5 77. Rd4 {And now b4+ would win.} Bg4 (77... Ba6 {was worth a try.} 78. b4+ Kd6) 78. b4+ Kd6 (78... Kc6 $142 79. Rf4 Bd7) 79. Rd2 $2 (79. Rf4) 79... Rg1 (79... Rxd2 {might work better.} 80. Kxd2 Kc6) 80. Kb2 Bf5 81. Rc3 Be4 82. Kb3 {Strongly threatening b5.} Ke5 $2 (82... Bf5 83. Rc5 Be4) 83. Rc5 Kd6 84. Ka4 Rb1 $2 (84... Rg8 {keeps fighting.} 85. Ra5 Rg1) 85. Kb5 Ke5 86. Ka5 Kd6 87. Rc3 Bf5 88. Rc5 $2 ({White should play} 88. Rc4 $18 Rb3 89. Rh4) 88... Be6 $2 {[%mdl 8192]} (88... Be4 $11 {and Black stays safe.} 89. Rc4 Bg6) 89. Rcc2 Bd7 90. Rb2 {To avoid Rb3} Ra1+ 91. Kb6 Ra8 92. b5 {Prevents Bc6.} Rb8+ 93. Ka6 Bc8+ (93... Ra8+ $142 94. Kb7 Rh8) 94. Ka5 (94. Ka7 $142) 94... Bf5 95. Ka6 $2 (95. Rd1) 95... Bc8+ $1 {[#]} 96. Ka7 $1 {White is clearly winning.} Rb7+ {[#]} 97. Ka8 $1 {Rdc2 is the strong threat.} Rb6 98. Rh2 {Threatens to win with Rh6+.} Ke5 99. Rh7 Bf5 100. Rh5 {Weighted Error Value: White=0.08 (flawless) /Black=0.11 (very precise)} 1-0

[Event "1st Guwahati GM Open 2022"]
[Site "Guwahati"]
[Date "2022.03.19"]
[Round "9.10"]
[White "Ratnakaran, K.."]
[Black "Gholami Orimi, Mahdi"]
[Result "1-0"]
[WhiteElo "2316"]
[BlackElo "2420"]
[Annotator "TA"]
[PlyCount "209"]
[EventDate "2022.03.15"]
[EventCountry "IND"]
[SourceTitle "playchess.com"]
[Source "ChessBase"]
[SourceQuality "1"]

{[%evp 9,209,6,28,25,28,32,32,13,31,32,29,29,23,27,36,25,30,-20,37,37,37,34,28,31,33,31,32,10,32,31,38,24,26,0,0,0,43,43,43,32,31,43,29,28,30,37,41,28,69,28,37,35,41,39,35,18,23,11,9,6,6,6,6,6,12,9,13,12,13,19,44,7,7,7,7,7,7,7,7,7,13,13,13,8,13,0,13,0,13,13,13,7,7,7,7,7,7,7,7,7,7,7,7,6,7,7,7,7,7,7,20,23,22,28,68,68,127,127,127,127,127,127,127,0,127,127,127,127,127,127,127,127,127,0,127,13,14,14,14,14,14,8,8,8,8,8,18,18,18,0,0,0,0,0,0,0,0,0,0,0,0,0,0,0,0,0,0,1,5093,5081,1132,580,29982,407,310,310,310,310,310,269,269,338,331,269,269,272,286,204,188,188,29984,29985,29985,29986,29986,29987,29987,29988,29989,29990,29990,29990]} 1. e4 e5 2. Nf3 Nc6 3. Bc4 Nf6 4. d3 h6 5. Nc3 d6 6. a3 {C55: Two Knights: 4 d3, 4 d4 exd4 5 e5 and Max Lange Attack.} g6 7. h3 Bg7 8. Be3 {White is slightly better.} Be6 9. Bxe6 fxe6 10. Ne2 {[%cal Bc3e2,Be2g3,Bg3f1,Bf1h2,Bh2g4][%mdl 32] [#]} Nh5 $146 ({Predecessor:} 10... O-O 11. Ng3 Qe8 12. Qe2 {½-½ (12) Franzoni,G (2445)-Ekstroem,R (2435) Switzerland 1995}) 11. c3 Qd7 12. a4 a5 13. g4 (13. Qb3 $142) 13... Qf7 14. gxh5 $14 {Strongly threatening Ng3.} Qxf3 15. Ng3 Qxd1+ 16. Kxd1 g5 17. Ke2 Bf6 18. Rag1 Kf7 19. Nf1 Rab8 20. Nh2 b5 21. axb5 Rxb5 22. Bc1 Ne7 (22... a4 $11 {is more appropriate.}) 23. Ng4 {[%cal Oh3h4] And now h4! would win.} Ng8 $1 24. Rg3 Be7 25. Rf3+ Ke8 26. Kd1 Rh7 27. Kc2 c5 28. Bd2 Bd8 (28... Rb7 $11) 29. Ra1 {White is more active.} (29. Ne3 $14) 29... Rbb7 $11 30. Ra3 Rhf7 31. Rxf7 Rxf7 32. b4 cxb4 33. cxb4 Rc7+ 34. Kd1 axb4 35. Bxb4 Be7 36. Ra6 Rd7 37. Ke2 Kf7 38. d4 exd4 39. e5 {[%cal Re5d6]} d5 40. Bxe7 Kxe7 $14 {[%mdl 4096] Endgame KRN-KRN} 41. Kd3 Rd8 42. Kxd4 Rd7 43. Kd3 Rd8 44. Nh2 Rf8 {Prevents Nf3.} 45. Ra7+ Ke8 46. Ng4 Rf4 47. Rb7 Kf8 48. Rb6 Kf7 49. Ke2 Ke7 50. f3 Kf7 51. Ra6 Ke7 52. Kf2 Kf7 53. Kg3 {Hoping for h4.} Rb4 54. Ra7+ Kf8 55. Rh7 d4 56. Rd7 Ke8 57. Rd6 {[%cal Og4h6] Threatens to win with Nxh6!} Ke7 58. h4 gxh4+ 59. Kxh4 Ra4 60. Kg3 Kf7 61. Kf4 Rb4 62. Ke4 Ke7 ({Black should try} 62... Rb1 $14) 63. Rxd4 $16 Rb1 64. Ra4 Re1+ 65. Kd4 Rd1+ 66. Ke4 Re1+ 67. Kf4 Rh1 68. Kg3 {Prevents Rh3+.} Kf7 69. Ra7+ Kf8 70. Kg2 Rh4 71. Kg3 Rh1 $1 72. Nh2 (72. Kf2 $16) 72... Ne7 $11 73. Kg2 Rb1 74. Ng4 Nf5 75. Nf6 Rb2+ 76. Kh3 Rb3 77. Kg4 Rb4+ 78. Ne4 Rb5 79. Kf4 Rb1 80. Ra6 Ke7 81. Ra7+ Kf8 82. Kg4 Rh1 {[%csl Gf5][%cal Rh1h4]} 83. f4 Rh4+ 84. Kf3 Nd4+ 85. Ke3 Nf5+ 86. Kd3 ({Don't play} 86. Kf3 Rxh5 87. Nc5 Rh3+ 88. Kf2 Ng7 $14) 86... Rxf4 87. Nc5 Rd4+ 88. Kc3 Rd5 $2 {[%mdl 8192] This move loses the game for Black.} (88... Kg8 $11) 89. Nd7+ $18 ({Less strong is} 89. Nxe6+ Kg8 $14) 89... Rxd7 90. Rxd7 {KR-KN} Ng7 {[#]} 91. Rd8+ (91. Rxg7 $142 $1 {[%mdl 512]} Kxg7 92. Kb4 Kf8 93. Kc5 Ke7 94. Kc6 Kf8 95. Kd6 Kf7 96. Kd7) 91... Kf7 92. Rh8 Nxh5 93. Rxh6 Ng7 94. Kc4 Nf5 95. Rf6+ Ke7 96. Kc5 Ne3 97. Rf4 {Inhibits Ng4.} Nf5 98. Kc6 Nh6 99. Rd4 {Threatening mate with Rd7+.} Nf7 $2 (99... Nf5 $18 100. Rd7+ Kf8) 100. Rd7+ $1 {White mates.} Ke8 {[#]} 101. Rxf7 $1 {[%mdl 512]} Kxf7 102. Kd7 Kf8 103. Kxe6 Ke8 {[#]} 104. Kd6 $1 Kf7 105. Kd7 {Weighted Error Value: White=0.05 (flawless) /Black=0.05 (flawless)} 1-0

[Event "1st Guwahati GM Open 2022"]
[Site "Guwahati"]
[Date "2022.03.19"]
[Round "9.11"]
[White "Gusain, Himal"]
[Black "Aradhya, Garg"]
[Result "0-1"]
[WhiteElo "2408"]
[BlackElo "2236"]
[Annotator "TA"]
[PlyCount "138"]
[EventDate "2022.03.15"]
[EventCountry "IND"]
[SourceTitle "playchess.com"]
[Source "ChessBase"]
[SourceQuality "1"]

{[%evp 9,138,17,26,14,10,7,7,0,9,4,4,0,30,0,12,0,10,13,28,40,41,33,32,49,50,29,18,18,70,17,32,9,7,10,14,5,7,5,0,-39,-32,-31,-19,-14,-24,-23,-16,-18,0,0,0,0,0,-17,0,0,0,0,0,0,0,-32,-26,-25,0,0,0,0,0,-5,-6,-6,-12,-11,0,-154,-154,-145,-145,-145,-135,-466,-464,-436,-418,-411,-378,-491,-473,-452,-411,-409,-409,-839,-716,-683,-647,-500,-494,-2832,-4331,-2907,-2363,-1913,-1699,-1586,-1470,-4659,-4659,-4656,-4641,-4634,-4627,-1152,0,0,0,0,0,0,0,0,-8,-29982,-29983,-29985,-29986,-29986,-29987,-29987,-29988]} 1. b3 e5 2. Bb2 Nc6 3. c4 Nf6 4. e3 a5 5. a3 Be7 6. Nc3 {A01: Nimzowitsch-Larsen Opening.} d5 7. cxd5 Nxd5 8. Qc2 {[#] The position is equal.} Nxc3 $146 ({Predecessor:} 8... O-O 9. Nf3 Nb6 10. Bb5 f6 11. h3 Be6 12. O-O Qe8 13. d4 exd4 14. Bxc6 Qxc6 15. Nxd4 {½-½ (42) Wegerer,F (2215)-Detter,P (2170) Austria 1999}) 9. Bxc3 O-O 10. Nf3 Bf6 11. Be2 (11. Bd3 $5 {[%cal Rd3h7]}) 11... Re8 12. d3 Be6 13. O-O Qd7 14. Qb2 Bf5 15. Rfd1 h6 16. h3 Qd6 17. Rac1 Be6 18. Nd2 Be7 (18... Qd7 $11) 19. Ra1 (19. Nc4 $14 Bxc4 20. bxc4) 19... b5 {Threatens to win with ...b4.} 20. b4 axb4 21. axb4 {[%cal Od2c4]} Bd5 {To avoid Nc4} (21... Nxb4 $2 22. Ne4 (22. Bxe5 Nxd3 23. Qxb5 Qxe5 $17) 22... Qd5 23. Bxb4 $18) 22. Ne4 Qe6 23. Be1 Ra4 24. Nc5 Bxc5 25. bxc5 ({Avoid the trap} 25. Rxa4 $2 Bd4 $1 {[%mdl 512]} 26. exd4 bxa4 27. dxe5 Nxe5 $19) 25... Rea8 {Hoping for ...Ra2.} 26. Rxa4 bxa4 27. Ra1 Qg6 {[%csl Gd5][%cal Rg6g2]} 28. Bf1 f5 29. Bc3 Rb8 30. Qd2 Ra8 31. Bb2 Qf7 32. d4 exd4 33. exd4 f4 34. f3 Ne7 35. Bb5 Bb3 36. d5 Nxd5 37. Bc6 $1 Ra6 38. Bb5 {A strong pair of Bishops.} Rg6 39. Bxa4 Bxa4 40. Rxa4 Qf5 {...Ne3 is the strong threat.} 41. Re4 c6 42. Be5 $2 (42. Re8+ $11 Kh7 43. Bd4) 42... Qxh3 $1 $17 43. Bxf4 Qxf3 $1 44. Re8+ Kf7 {Black is more active.} 45. Rd8 {[%mdl 8192]} (45. Re1 $17) 45... Qxf4 $19 ({Much less strong is} 45... Nxf4 46. Qd7+ Kf6 47. Rf8+ Ke5 48. Re8+ Ne6 {[#]} 49. Rxe6+ $1 {[%mdl 512]} Rxe6 50. gxf3 $18) 46. Rxd5 Qxd2 47. Rxd2 {[%mdl 4096] Endgame KR-KR} Rg5 48. Rc2 Rf5 49. Kh2 h5 50. Kh3 g5 51. Rc3 (51. g4 $142 Rf3+ 52. Kg2 hxg4 53. Kh1) 51... Re5 52. Kg3 Ke6 53. Kf3 Kd5 {And now ...Kd4 would win.} 54. g3 (54. Rc1 $142 Kd4 55. Rh1) 54... Kd4 55. Rc1 Rxc5 56. Rd1+ Ke5 57. Rh1 Rc3+ 58. Kf2 Kf5 59. Rxh5 Kg4 60. Rh1 Rf3+ 61. Ke2 Kxg3 $2 (61... c5 $19 {aiming for ...c4.} 62. Rc1 Rf5) 62. Rg1+ $11 Kf4 63. Rxg5 $1 Kxg5 64. Kxf3 {KP-K} Kf5 {[%cal Bg5f5,Bf5e5,Be5d4,Bd4c3][%mdl 32]} 65. Ke3 $1 Ke5 66. Kd2 $2 {[%mdl 8192]} (66. Kd3 $11) 66... Kd4 {Black mates.} 67. Ke2 Kc3 68. Kd1 c5 {[%cal Bc6c5,Bc5c4][%mdl 32]} 69. Kc1 c4 {Weighted Error Value: White=0.53/Black=0.07 (flawless)} 0-1

[Event "1st Guwahati GM Open 2022"]
[Site "Guwahati"]
[Date "2022.03.19"]
[Round "9.12"]
[White "Karthik Venkataraman"]
[Black "Arnav Maheshwari"]
[Result "1-0"]
[WhiteElo "2485"]
[BlackElo "1934"]
[Annotator "TA"]
[PlyCount "59"]
[EventDate "2022.03.15"]
[EventCountry "IND"]
[SourceTitle "playchess.com"]
[Source "ChessBase"]
[SourceQuality "1"]

{[%evp 20,59,20,0,25,31,76,87,139,103,141,139,209,219,218,211,212,203,515,249,254,244,276,273,264,280,254,195,177,149,289,286,593,532,726,718,754,764,785,614,1193,1168]} 1. Nf3 d5 2. e3 Nf6 3. c4 c6 4. Nc3 e6 5. Qc2 Nbd7 6. d4 Bd6 7. Bd3 dxc4 8. Bxc4 O-O 9. O-O e5 10. h3 Qe7 11. a3 a6 {D46: Semi-Slav: 5 e3 Nbd7 6 Bd3, Black avoids the Meran.} 12. Ba2 c5 {[#]} (12... Bc7 $14 {is more appropriate.}) 13. Ng5 $146 ({Predecessor:} 13. dxc5 Bxc5 14. Ng5 g6 15. Nce4 Nxe4 16. Nxe4 Ba7 17. Bd2 Nc5 18. Bb4 b6 19. Nxc5 bxc5 {1-0 (36) Jelen,I (2368)-Buzeti,J (2271) Ljubljana 2012}) 13... exd4 ({Better is} 13... h6 14. Nd5 Qd8) 14. Nd5 Qd8 15. exd4 {White is much more active. Black has bad knights.} cxd4 {[#]} (15... c4 $16) 16. Rd1 $1 $18 h6 {[#]} 17. Rxd4 $1 {Black must now prevent Nxf6+.} hxg5 (17... Qe8 18. Nf3) 18. Bxg5 {And now Rad1 would win.} Re8 $2 (18... a5 {is tougher.} 19. Rad1 Ra6) 19. Nxf6+ (19. Rad1 $142) 19... Nxf6 20. Qd2 Qc7 {Hoping for ...Ne4.} 21. Bxf6 (21. Rxd6 Ne4 22. Rd8 Nxd2 $14) 21... Bh2+ 22. Kh1 {Threatening mate with Qg5.} gxf6 23. Rc1 (23. g3 $6 Bf5 24. Kxh2 Rad8 $16) 23... Qe5 24. f4 Qh5 {[#]} (24... Bxf4 $16 {was called for.} 25. Rxf4 (25. Qxf4 Qxf4 26. Rxf4 Be6 $14) 25... Qe3 26. Qxe3 Rxe3 27. Rxf6 Be6) 25. Rc3 $1 ({Inferior is} 25. Kxh2 Bxh3 26. Rd5 (26. Bxf7+ $2 Kxf7 27. Rc7+ Kg8 $19) 26... Bf5+ 27. Kg1 Qg4 $15) 25... Bf5 $2 (25... Re2 26. Qc1 Bf5) 26. Kxh2 {White is clearly winning.} Re2 27. Qd1 Rae8 28. Bc4 Kh7 29. Bxe2 Rxe2 30. Rd2 {Black did not feel at home in the position after the opening.  Weighted Error Value: White=0.27 (precise) /Black=0.88} 1-0

[Event "1st Guwahati GM Open 2022"]
[Site "Guwahati"]
[Date "2022.03.19"]
[Round "9.13"]
[White "Stany, G.A."]
[Black "Priyanka, Kumari"]
[Result "1-0"]
[WhiteElo "2517"]
[BlackElo "1910"]
[Annotator "TA"]
[PlyCount "61"]
[EventDate "2022.03.15"]
[EventCountry "IND"]
[SourceTitle "playchess.com"]
[Source "ChessBase"]
[SourceQuality "1"]

{[%evp 9,61,31,19,22,36,32,34,17,39,41,37,9,74,16,45,0,0,0,0,10,57,51,51,49,120,127,167,166,164,171,362,373,403,417,423,430,542,529,568,545,792,783,5134,2645,29985,29986,29986,188,29987,29988,29988,29989,29989,29961]} 1. e4 c5 2. Nf3 d6 3. d4 cxd4 4. Nxd4 Nf6 5. Nc3 a6 6. Qd3 {B90: Sicilian Najdorf: Unusual White 6th moves, 6 Be3 Ng4 and 6 Be3 e5.} e5 7. Nf5 Bxf5 8. exf5 {White is slightly better.} d5 9. Bg5 {Bxf6 is the strong threat.} d4 10. Ne4 {[#]} Qb6 $146 (10... Nbd7 $11 {keeps the balance.}) ({Predecessor:} 10... Nbd7 11. Be2 Qa5+ 12. Bd2 Qb6 13. O-O Nc5 14. Nxc5 Bxc5 15. b4 Be7 16. Bf3 O-O {1-0 (48) Najer,E (2670)-Zakhartsov,V (2486) St Petersburg 2018}) 11. O-O-O {Active counter play!} (11. Bxf6 $16 {And now Bg5 would win.} gxf6 12. Qb3 Qxb3 13. axb3) 11... Nbd7 12. f4 (12. Bxf6 $5 gxf6 13. Qb3 $11) 12... Nxe4 13. Qxe4 f6 14. Bh4 $1 {[%cal Bg5h4,Bh4f2,Bf2d4,Bd4f6,Bf6g7][%mdl 32]} Nc5 (14... O-O-O $11 {should be considered.}) 15. Qd5 {aiming for Bc4.} Rd8 16. Qc4 {Black must now prevent Be2.} e4 {White stays focused until the end.} (16... Qc7 $14) 17. Be2 $16 {Hoping for Bf2.} h5 18. Kb1 Qd6 19. Bf2 {[%cal Rd1d4]} Qxf4 $2 (19... b5 20. Qxd4 Qxd4 21. Bxd4 (21. Rxd4 Rxd4 22. Bxd4 Kd7 $16) 21... Rc8) 20. Bxd4 $18 b5 21. Qc3 Qxf5 22. Rhf1 Qc8 {[#]} 23. Bxf6 {[%mdl 512] Qe5+ would kill now. This bishop pair is nice.} Rxd1+ (23... Nd7 24. Bxg7) 24. Bxd1 Qe6 25. Bxg7 Na4 {[#]} 26. Bxh5+ $1 {[%mdl 512]} Rxh5 (26... Kd7 27. Qd4+) 27. Rxf8+ Ke7 28. Qc7+ Qd7 {[#]} 29. Rf7+ $1 {[%mdl 512] White mates.} Kxf7 30. Qxd7+ Kg6 31. Qe8+ {Weighted Error Value: White=0.09 (flawless) /Black=0.53} 1-0

[Event "1st Guwahati GM Open 2022"]
[Site "Guwahati"]
[Date "2022.03.19"]
[Round "9.14"]
[White "Vaibhav Jayant Raut"]
[Black "Iniyan, P."]
[Result "0-1"]
[WhiteElo "2198"]
[BlackElo "2516"]
[Annotator "TA"]
[PlyCount "77"]
[EventDate "2022.03.15"]
[EventCountry "IND"]
[SourceTitle "playchess.com"]
[Source "ChessBase"]
[SourceQuality "1"]

{[%evp 9,77,-16,0,-23,29,16,19,-25,-22,-7,-21,-18,-23,-41,-36,-33,-34,-32,-30,-77,-64,-71,-69,-84,-75,-79,-75,-104,-100,-91,-83,-85,-66,-82,-66,-60,-55,-70,-39,-41,-41,-41,-41,-38,0,0,0,-59,-65,-63,-69,-268,-273,-271,-276,-268,-233,-227,-239,-283,-276,-262,-267,-280,-262,-385,-359,-388,-388,-388]} 1. Nf3 Nf6 2. g3 d5 3. c4 d4 4. Bg2 c5 5. b4 cxb4 6. a3 {A09: Réti Opening: 1 Nf3 d5 2 c4.} bxa3 (6... b3 $142) 7. Bxa3 Nc6 8. d3 (8. Qa4 {was preferrable.}) 8... g6 9. O-O Bg7 10. Nbd2 O-O 11. Qc2 Rb8 12. Rfb1 b6 {[#]} 13. Ng5 $146 ({Predecessor:} 13. Rb2 a5 14. Rab1 Bd7 15. Ne1 Qc7 16. Qd1 Rfe8 17. c5 b5 18. Rxb5 Rxb5 19. Rxb5 {½-½ (70) Moehring,G (2302)-Breier,A (2359) Berlin 2004}) 13... Bd7 14. Rb2 (14. Nge4 $11 {feels stronger.}) 14... h6 $17 15. Nge4 Ne8 {[%cal Bf6e8,Be8c7,Bc7e6][%mdl 32] White must now prevent ...f5.} 16. Nf3 Nc7 17. Rab1 Re8 18. h4 Rc8 19. Qd1 Ne6 20. Ne1 Ne5 21. Nc2 Ba4 22. Nd2 Qc7 23. Qf1 b5 {[%cal Rb5c4] Black is more active.} 24. Nb4 {Threatens to win with cxb5.} bxc4 {aiming for ...c3.} 25. Nd5 Qd8 {And now ...c3 would win.} 26. Nxc4 Bc6 {Inhibits Rb7.} 27. Nxe5 Bxe5 28. Nb4 (28. Rc2 $11 Bxd5 29. Rxc8 Qxc8 30. Bxd5) 28... Bxg2 $15 29. Qxg2 Bd6 {Strongly threatening ...Qa5.} 30. Nc2 $2 {[#] Loses the game.} ({White should try} 30. Ra1 $1 $15) 30... Rxc2 $1 $19 {[%mdl 512]} 31. Rxc2 {Ra2 is the strong threat.} Bxa3 32. Qc6 a5 33. h5 g5 34. Rb5 Bb4 35. Re5 Kh8 36. Qe4 Rf8 37. Rc6 {[#]} (37. Rc4 $142) 37... Bd6 $1 38. Rf5 Qa8 {Inhibits Ra6.} 39. Qd5 {Weighted Error Value: White=0.27 (precise) /Black=0.08 (flawless)} 0-1

[Event "1st Guwahati GM Open 2022"]
[Site "Guwahati"]
[Date "2022.03.19"]
[Round "9.15"]
[White "Mayank Chakraborty"]
[Black "Raahul V S"]
[Result "0-1"]
[WhiteElo "2164"]
[BlackElo "2478"]
[Annotator "TA"]
[PlyCount "74"]
[EventDate "2022.03.15"]
[EventCountry "IND"]
[SourceTitle "playchess.com"]
[Source "ChessBase"]
[SourceQuality "1"]

{[%evp 13,74,21,51,30,13,0,0,-12,-8,-21,-31,-58,-43,-68,-17,-47,-42,-75,-57,-71,-71,-250,-274,-263,-255,-258,-249,-271,-245,-295,-287,-288,-274,-397,-331,-335,-344,-316,-337,-334,-339,-299,-294,-329,-289,-289,-274,-335,-282,-521,-457,-433,-399,-863,-761,-2450,-1696,-5522,-2884,-12835,-12834,-3579,-1955]} 1. e4 e5 2. Nf3 Nc6 3. Bb5 a6 4. Ba4 d6 5. Bxc6+ bxc6 6. d4 f6 7. O-O g6 8. Nc3 {C73: Ruy Lopez: Deferred Steinitz: 5 Bxc6+.} Bg7 9. Qe2 {[#]} Ne7 $146 ({Predecessor:} 9... Nh6 10. dxe5 fxe5 11. Qc4 Bd7 12. Ng5 Qf6 13. Be3 Nf7 14. f4 exf4 15. Rxf4 Ne5 {1-0 (37) Pogonina,N (2501)-Wang,Y (2369) Ningbo 2010}) 10. h3 {The position is equal.} O-O 11. Rd1 h6 12. Na4 Qe8 13. b3 Bd7 ({Black should try} 13... exd4 $15 14. Nxd4 c5) 14. c3 g5 15. Qd3 Qh5 16. Re1 Rf7 17. g4 $2 (17. Qe2 $17) 17... Qxh3 $19 18. Nxe5 Qxd3 19. Nxd3 {Pair of Knights!} Bxg4 20. f4 Re8 21. Bd2 Ng6 22. Kf2 Rfe7 23. Nb4 (23. Kg3 {was necessary.} Bc8 24. c4) 23... Rxe4 24. Rxe4 Rxe4 25. Re1 {Prevents Re2+.} Rxe1 26. Kxe1 Bc8 ({Avoid the trap} 26... gxf4 $2 27. Nxa6 Kf7 28. Kf2 $19) ({Don't go for} 26... Nxf4 $2 27. Bxf4 gxf4 28. Nb2 $19) 27. Nxc6 g4 {[%cal Bg5g4,Bg4g3,Bg3g2][%mdl 32]} ({Weaker is} 27... gxf4 28. c4 $17) 28. c4 h5 {[%cal Bh6h5,Bh5h4,Bh4h3][%mdl 32]} 29. Nc3 Bf5 30. Ne2 h4 {Inhibits Ng3.} 31. Ba5 $2 (31. Nb4 {is a better defense.}) 31... g3 32. Bxc7 Bg4 {[#] Hoping for ...Bxe2.} 33. Bxd6 $2 (33. f5 Bxf5 34. Bxd6) 33... Bxe2 {Black is clearly winning.} 34. Kxe2 h3 35. Kf3 g2 36. Kf2 Nh4 {( -> ...h2)} 37. f5 {[#]} Nf3 $1 {[%mdl 576] Deflection. Black took control after the opening.  Weighted Error Value: White=1.03/Black=0.13 (very precise)} 0-1